Reminiscencias.
Saved in:
| 主要作者: | |
|---|---|
| 格式: | 圖書 |
| 出版: |
La Serena, Chile:
Espacio Noisy Eyes,
2021.
|
| 版: | Primera edición. |
| 主題: | |
| 標簽: |
添加標簽
沒有標簽, 成為第一個標記此記錄!
|
MARC
| LEADER | 00000nam a22000007a 4500 | ||
|---|---|---|---|
| 003 | CL-VaPUC | ||
| 005 | 20250321101936.0 | ||
| 008 | 250128t2021 ||||| |||| 00| 0 eng d | ||
| 999 | |c 446859 |d 446857 | ||
| 020 | |a 978-956-404-431-6 | ||
| 040 | |c Pontificia Universidad Católica de Valparaíso | ||
| 082 | |a 779 ALF 2021 | ||
| 100 | |9 895922 |a Alfaro Chávez, Tatiana |e fotografías | ||
| 245 | |a Reminiscencias. | ||
| 250 | |a Primera edición. | ||
| 260 | |a La Serena, Chile: |b Espacio Noisy Eyes, |c 2021. | ||
| 300 | |a sin numeración: |b fotografías. | ||
| 500 | |a c.1. Instituto Arcos.08-01-2025. | ||
| 583 | |c 20250128 |k Gabriela Rodríguez Cuevas | ||
| 650 | 0 | |9 268494 |a Fotografías |x Vida nocturna |z La Serena y Coquimbo, Chile. | |
| 942 | |2 ddc |c BK |n 0 | ||
| 952 | |0 0 |1 0 |2 ddc |4 0 |6 779_000000000000000_ALF_2021 |7 0 |9 600043 |a BIBINC |b BIBINC |c GEN |d 2025-01-28 |e Instituto Arcos |i 5664914 |l 2 |o 779 ALF 2021 |p 5664914 |r 2025-04-29 |s 2025-04-23 |t 1 |w 2025-01-28 |y BK |k IFP | ||